[Event "Baku op-A"]
[Site "Baku"]
[Date "2025.04.30"]
[Round "3"]
[White "Pipiras, Filipa Fortuna"]
[Black "Rakshitta, Ravi"]
[Result "0-1"]
[WhiteElo "2195"]
[BlackElo "2324"]
[PlyCount "116"]
[EventDate "2025.04.28"]
[EventType "swiss"]
[EventRounds "9"]
[EventCountry "AZE"]
[SourceTitle "CB19_2025"]
[SourceDate "2025.05.07"]
[SourceVersion "1"]
[SourceVersionDate "2025.05.07"]
[SourceQuality "1"]

1. d4 d5 2. c4 dxc4 3. Nf3 a6 4. e3 b5 5. a4 Bb7 6. b3 Nf6 7. bxc4 b4 8. a5 c5 9. Be2 e6 10. 0-0 Nbd7 11. Nbd2 Qc7 12. Bb2 Bd6 13. Bd3 h6 14. Qc2 Rc8 15. d5 exd5 16. cxd5 Nxd5 17. Bxg7 Rg8 18. Bb2 Bxh2+ 19. Kh1 Be5 20. Bh7 Rg7 21. Nxe5 Nxe5 22. Be4 Ng4 23. Nf3 Rg5 24. Rfd1 b3 25. Qd2 Rd8 26. Kg1 f5 27. Bxd5 Bxd5 28. Qc3 Rg8 29. Kf1 Nh2+ 30. Nxh2 Qxh2 31. Qe5+ Qxe5 32. Bxe5 Bxg2+ 33. Ke2 Bd5 34. Rac1 Rg4 35. Rg1 Bc4+ 36. Kf3 Bd5+ 37. Ke2 Bc4+ 38. Kf3 Rxg1 39. Rxg1 Rd2 40. Rc1 Bd5+ 41. Kg3 c4 42. f3 Kd7 43. e4 fxe4 44. fxe4 Be6 45. Kf4 Kc6 46. Bc3 Rc2 47. Rxc2 bxc2 48. Bd2 h5 49. Kg5 c3 50. Bc1 Kb5 51. Kxh5 Kxa5 52. Kg5 Kb4 53. Kf4 a5 54. Ke3 a4 55. Kd3 Kb3 56. e5 Bf5+ 57. Kd4 a3 58. Bxa3 Kxa3 0-1

[Event "Reykjavik op"]
[Site "Reykjavik"]
[Date "2025.04.15"]
[Round "9"]
[White "Pipiras, Filipa Fortuna"]
[Black "Stefansson, Vignir Vatnar"]
[Result "0-1"]
[WhiteElo "2195"]
[BlackElo "2536"]
[PlyCount "116"]
[EventDate "2025.04.09"]
[EventType "swiss"]
[EventRounds "9"]
[EventCountry "ISL"]
[SourceTitle "CB17_2025"]
[SourceDate "2025.04.23"]
[SourceVersion "1"]
[SourceVersionDate "2025.04.23"]
[SourceQuality "1"]

1. d4 d6 2. Nf3 Nf6 3. c4 g6 4. g3 Bg7 5. Bg2 Bf5 6. 0-0 0-0 7. b3 a5 8. Bb2 c6 9. Nc3 Ne4 10. Nh4 Nxc3 11. Bxc3 Bd7 12. Qd2 f5 13. Rad1 a4 14. b4 Na6 15. Rfe1 Nc7 16. d5 Bxc3 17. Qxc3 cxd5 18. cxd5 Nb5 19. Qe3 Qe8 20. Nf3 Qf7 21. Nd4 Nc7 22. Qd3 Nxd5 23. Nxf5 Bxf5 24. Qxd5 Be6 25. Qxe6 Qxe6 26. Bd5 Kf7 27. e4 Rac8 28. e5 Qxd5 29. Rxd5 Ke6 30. Rb5 Rc2 31. exd6+ Kxd6 32. f4 Kc6 33. Rbe5 Rd8 34. Rxe7 Rdd2 35. R1e6+ Kd5 36. Re5+ Kc4 37. Rc5+ Kxb4 38. Rxc2 Rxc2 39. Rxb7+ Ka3 40. Rxh7 Kxa2 41. g4 a3 42. f5 gxf5 43. gxf5 Kb3 44. f6 a2 45. Ra7 Rc1+ 46. Kg2 a1Q 47. Rxa1 Rxa1 48. f7 Ra8 49. Kg3 Kc4 50. Kg4 Rf8 51. h4 Kd5 52. Kf5 Rxf7+ 53. Kg6 Ke6 54. h5 Rf1 55. h6 Rg1+ 56. Kh7 Kf7 57. Kh8 Rg8+ 58. Kh7 Rg6 0-1

[Event "Reykjavik op"]
[Site "Reykjavik"]
[Date "2025.04.12"]
[Round "5"]
[White "Bleuzen, Cedric"]
[Black "Pipiras, Filipa Fortuna"]
[Result "0-1"]
[WhiteElo "2003"]
[BlackElo "2195"]
[PlyCount "98"]
[EventDate "2025.04.09"]
[EventType "swiss"]
[EventRounds "9"]
[EventCountry "ISL"]
[SourceTitle "CB17_2025"]
[SourceDate "2025.04.23"]
[SourceVersion "1"]
[SourceVersionDate "2025.04.23"]
[SourceQuality "1"]

1. d4 Nf6 2. Bg5 d5 3. Bxf6 gxf6 4. e3 c5 5. c3 e5 6. Nf3 Nc6 7. dxc5 Bxc5 8. Nbd2 Be6 9. Qa4 a6 10. Be2 h5 11. g3 b5 12. Qc2 Rc8 13. a4 Qb6 14. axb5 axb5 15. 0-0 Ke7 16. Nh4 e4 17. Nb3 Bd6 18. Qd2 f5 19. Nd4 Nxd4 20. Qxd4 Qxd4 21. cxd4 b4 22. Bd1 f4 23. exf4 Rc4 24. Bb3 Rxd4 25. Rfd1 Bc5 26. f5 Bd7 27. Bxd5 Bb5 28. Bb3 Bd3 29. Ng2 Rhd8 30. Ne3 R4d7 31. Ra5 Bd4 32. Nd5+ Kf8 33. Nxb4 Bxb2 34. Rd5 Rxd5 35. Bxd5 Bf6 36. f3 Be2 37. Rd2 exf3 38. Nc6 Rd6 39. Kf2 Bc4 40. Nb4 Bc3 41. Rc2 Bd4+ 42. Kxf3 Bxd5+ 43. Nxd5 Rxd5 44. Rd2 Rd8 45. h3 Bf6 46. Re2 Kg7 47. Re3 Rc8 48. Re4 Rc3+ 49. Kg2 Bd8 0-1

[Event "Reykjavik op"]
[Site "Reykjavik"]
[Date "2025.04.10"]
[Round "2"]
[White "Benavente, Christian"]
[Black "Pipiras, Filipa Fortuna"]
[Result "0-1"]
[WhiteElo "1938"]
[BlackElo "2195"]
[PlyCount "96"]
[EventDate "2025.04.09"]
[EventType "swiss"]
[EventRounds "9"]
[EventCountry "ISL"]
[SourceTitle "CB17_2025"]
[SourceDate "2025.04.23"]
[SourceVersion "1"]
[SourceVersionDate "2025.04.23"]
[SourceQuality "1"]

1. d4 Nf6 2. Nf3 e6 3. Bf4 b6 4. e3 Bb7 5. Bd3 Be7 6. 0-0 Nh5 7. Bg3 d6 8. Nbd2 Nd7 9. a4 a5 10. Qe2 0-0 11. Ne1 g6 12. Bc4 Bf6 13. Qg4 d5 14. Bd3 Nxg3 15. hxg3 Bg7 16. f4 f5 17. Qh3 Nf6 18. Nef3 Ng4 19. Ng5 h6 20. Nxe6 Qe7 21. Nxf8 Qxe3+ 22. Kh1 Rxf8 23. Nf3 Bxd4 24. Rae1 Qf2 25. Qxg4 fxg4 26. Rxf2 Bxf2 27. Rf1 Bxg3 28. Ne5 Rxf4 29. Rxf4 Bxf4 30. Nxg6 Bd6 31. Nh4 Kf7 32. Nf5 Bf8 33. g3 Kf6 34. Ne3 d4+ 35. Ng2 Bd6 36. Kh2 Kg5 37. Nh4 h5 38. Nf5 Be5 39. Nh4 Bd5 40. Ng6 Bd6 41. b3 c6 42. Nh4 Be6 43. Bg6 Bd7 44. Bf7 b5 45. axb5 cxb5 46. Kg2 a4 47. bxa4 bxa4 48. Kf2 Kf6 0-1

[Event "Reykjavik op"]
[Site "Reykjavik"]
[Date "2025.04.10"]
[Round "3"]
[White "Pipiras, Filipa Fortuna"]
[Black "Grigoriev, Dmitriy"]
[Result "1-0"]
[WhiteElo "2195"]
[BlackElo "1997"]
[PlyCount "80"]
[EventDate "2025.04.09"]
[EventType "swiss"]
[EventRounds "9"]
[EventCountry "ISL"]
[SourceTitle "CB17_2025"]
[SourceDate "2025.04.23"]
[SourceVersion "1"]
[SourceVersionDate "2025.04.23"]
[SourceQuality "1"]

1. d4 Nf6 2. c4 g6 3. Nc3 d5 4. cxd5 Nxd5 5. Bd2 Bg7 6. e4 Nb6 7. Be3 0-0 8. Bb5 c6 9. Be2 Be6 10. Qd2 Nc4 11. Bxc4 Bxc4 12. Nf3 Nd7 13. Bh6 Nf6 14. Bxg7 Kxg7 15. Ne5 Ba6 16. h4 c5 17. d5 Qc7 18. Nf3 h5 19. 0-0-0 b5 20. e5 Ng4 21. d6 Qd7 22. Rhe1 b4 23. Ne4 e6 24. Kb1 c4 25. Qxb4 Rab8 26. Qd2 Bb7 27. Nc3 Bxf3 28. gxf3 Nh6 29. Re4 Qb7 30. Rxc4 Qxf3 31. Ka1 Ng4 32. Rf4 Qb7 33. Re4 Qb6 34. Re2 Rfd8 35. f3 Nh6 36. Ne4 Nf5 37. Qg5 Nd4 38. Qf6+ Kg8 39. Rg2 Rd7 40. Qf4 Nc6 1-0

[Event "Wch U20 Girls 41st"]
[Site "Petrovac"]
[Date "2025.03.02"]
[Round "6"]
[White "Pipiras, Filipa Fortuna"]
[Black "Blokhin, Sofia"]
[Result "1-0"]
[WhiteElo "2200"]
[BlackElo "2020"]
[PlyCount "107"]
[EventDate "2025.02.25"]
[EventType "swiss"]
[EventRounds "11"]
[EventCountry "MNE"]
[SourceTitle "CB11_2025"]
[SourceDate "2025.03.12"]
[SourceVersion "1"]
[SourceVersionDate "2025.03.12"]
[SourceQuality "1"]

1. d4 f5 2. Bg5 h6 3. Bh4 g5 4. e3 Nf6 5. Bg3 d6 6. Nc3 e6 7. h4 Rg8 8. hxg5 hxg5 9. Qd2 Nc6 10. 0-0-0 d5 11. f3 Bb4 12. Nge2 Qe7 13. Qd3 Ba5 14. a3 Bd7 15. e4 0-0-0 16. e5 Nh7 17. Kb1 Rg7 18. Be1 Rdg8 19. g4 fxg4 20. fxg4 Nf8 21. Ng3 Ng6 22. Nh5 Rf7 23. Bd2 Ngxe5 24. dxe5 Nxe5 25. Qg3 Nf3 26. Bg2 Nxd2+ 27. Rxd2 c6 28. Rdd1 Bc7 29. Qe3 Bb6 30. Qe5 Bc7 31. Qe2 Rgf8 32. Rhf1 Rxf1 33. Rxf1 e5 34. Ng3 Rxf1+ 35. Nxf1 e4 36. Nd1 Qf6 37. Nfe3 Bg3 38. c4 Be6 39. cxd5 cxd5 40. Qb5 Qf7 41. Nc3 Qd7 42. Qxd7+ Kxd7 43. Nexd5 Be5 44. Ne3 Bf4 45. Nf5 b6 46. Bxe4 Bc4 47. Kc2 Ke6 48. Bd3 Bxd3+ 49. Kxd3 Bc1 50. Kc2 Bf4 51. b4 Ke5 52. Kd3 Bc1 53. Ne3 a6 54. Ne2 1-0

[Event "Wch U20 Girls 41st"]
[Site "Petrovac"]
[Date "2025.02.28"]
[Round "4"]
[White "Pipiras, Filipa Fortuna"]
[Black "Lu, Miaoyi"]
[Result "0-1"]
[WhiteElo "2200"]
[BlackElo "2432"]
[PlyCount "88"]
[EventDate "2025.02.25"]
[EventType "swiss"]
[EventRounds "11"]
[EventCountry "MNE"]
[SourceTitle "CB11_2025"]
[SourceDate "2025.03.12"]
[SourceVersion "1"]
[SourceVersionDate "2025.03.12"]
[SourceQuality "1"]

1. d4 Nf6 2. c4 e6 3. Nc3 Bb4 4. f3 0-0 5. a3 Bxc3+ 6. bxc3 Ne8 7. e4 c5 8. h4 d5 9. cxd5 exd5 10. e5 f6 11. f4 cxd4 12. cxd4 Nc6 13. Be3 Qa5+ 14. Qd2 Qxd2+ 15. Kxd2 fxe5 16. fxe5 Nc7 17. Bd3 Bf5 18. Nf3 Ne6 19. Rab1 b6 20. Rhc1 Na5 21. Rb5 h6 22. Bxf5 Rxf5 23. Kd3 Rd8 24. Rxd5 Rxd5 25. Ke4 Rxf3 26. Kxd5 Rxe3 27. Kxe6 b5 28. Rc8+ Kh7 29. Rc7 Nb3 30. d5 Nd4+ 31. Kd6 b4 32. axb4 Nb5+ 33. Kc6 Nxc7 34. Kxc7 Kg6 35. d6 Kf7 36. d7 Rc3+ 37. Kd6 Rd3+ 38. Kc7 Ke7 39. e6 Rc3+ 40. Kb7 Rc4 41. b5 Rc5 42. b6 axb6 43. Kxb6 Rc2 44. g4 Kd8 0-1

[Event "EU-ch Rapid"]
[Site "Skopje"]
[Date "2024.12.07"]
[Round "4"]
[White "Pipiras, Filipa Fortuna"]
[Black "Tsolakidou, Stavroula"]
[Result "0-1"]
[WhiteElo "2178"]
[BlackElo "2451"]
[PlyCount "80"]
[EventDate "2024.12.07"]
[EventType "swiss (rapid)"]
[EventRounds "11"]
[EventCountry "MKD"]
[SourceTitle "CB50_2024"]
[SourceDate "2024.11.01"]
[SourceVersion "1"]
[SourceVersionDate "2024.11.01"]
[SourceQuality "2"]

1. d4 Nf6 2. c4 g6 3. Nc3 Bg7 4. e4 d6 5. Be2 0-0 6. Be3 Na6 7. h4 h5 8. Nf3 Ng4 9. Bg5 c6 10. Qd2 Nc7 11. Bf4 e5 12. Bg3 Ne6 13. d5 Nd4 14. Nxd4 exd4 15. Nd1 c5 16. 0-0 Bf6 17. f3 Ne5 18. f4 Ng4 19. Bxg4 Bxg4 20. Nf2 Bxh4 21. Bh2 a6 22. e5 Bf5 23. Rae1 b5 24. b3 bxc4 25. bxc4 Rb8 26. g3 Be7 27. Ne4 Rb4 28. Qc1 Kg7 29. Rf2 Qb6 30. Rfe2 Rb8 31. Kg2 Rb2 32. Bg1 Bxe4+ 33. Kh3 Bf5+ 34. Kh2 d3 35. Rd2 Rxd2+ 36. Qxd2 Qb2 37. Qf2 Qxf2+ 38. Bxf2 Rb2 39. Kg1 d2 40. Rd1 Rb1 0-1

[Event "EU-ch 24th"]
[Site "Petrovac"]
[Date "2024.11.17"]
[Round "9"]
[White "Brzezina, Piotr"]
[Black "Pipiras, Filipa Fortuna"]
[Result "1-0"]
[WhiteElo "2307"]
[BlackElo "2166"]
[PlyCount "145"]
[EventDate "2024.11.08"]
[EventType "swiss"]
[EventRounds "11"]
[EventCountry "MNE"]
[SourceTitle "CB47_2024"]
[SourceDate "2024.11.20"]
[SourceVersion "1"]
[SourceVersionDate "2024.11.20"]
[SourceQuality "1"]

1. e4 c6 2. Nc3 d5 3. Nf3 Bg4 4. h3 Bxf3 5. Qxf3 e6 6. Be2 Bc5 7. 0-0 Nd7 8. Qg3 Bd4 9. d3 Ne7 10. Bd1 0-0 11. Ne2 Bb6 12. c3 e5 13. Bb3 Nc5 14. Bc2 Ng6 15. Be3 Ne6 16. Rad1 Qc7 17. exd5 Bxe3 18. dxe6 Bf4 19. exf7+ Qxf7 20. Bb3 Qxb3 21. axb3 Bxg3 22. Nxg3 Rad8 23. Ne2 Rd5 24. b4 Rfd8 25. d4 b6 26. Ra1 a5 27. bxa5 bxa5 28. dxe5 Nxe5 29. Nd4 Rb8 30. b3 Kf7 31. f4 Nd7 32. Rfd1 Nf6 33. c4 Rd6 34. c5 Rd5 35. Nxc6 Rxb3 36. Rxd5 Nxd5 37. Nxa5 Rc3 38. c6 Ne7 39. Rd1 Ke6 40. Rd7 Rc5 41. Ra7 h6 42. Kh2 Kf6 43. c7 Nd5 44. Nc6 Rxc6 45. Ra6 Rxa6 46. c8Q Rd6 47. Qf8+ Ke6 48. Qxg7 Nxf4 49. Qxh6+ Ke5 50. Qg5+ Ke4 51. Qe7+ Re6 52. Qc5 Re5 53. Qc4+ Ke3 54. g3 Nd3 55. h4 Rc5 56. Qe6+ Kf3 57. Qf7+ Ke4 58. h5 Rf5 59. Qe6+ Ne5 60. g4 Rg5 61. Kg3 Rg7 62. h6 Rf7 63. h7 Rf3+ 64. Kg2 Rf8 65. Qh6 Ra8 66. h8Q Ra2+ 67. Kg3 Ra3+ 68. Kh4 Nf3+ 69. Kh5 Ra5+ 70. g5 Kf4 71. Q6f6+ Kg3 72. Qb8+ Kg2 73. Qbf4 1-0

[Event "EU-ch 24th"]
[Site "Petrovac"]
[Date "2024.11.08"]
[Round "1"]
[White "Ioannidis, Evgenios"]
[Black "Pipiras, Filipa Fortuna"]
[Result "1-0"]
[WhiteElo "2497"]
[BlackElo "2166"]
[PlyCount "121"]
[EventDate "2024.11.08"]
[EventType "swiss"]
[EventRounds "11"]
[EventCountry "MNE"]
[SourceTitle "CB47_2024"]
[SourceDate "2024.11.20"]
[SourceVersion "1"]
[SourceVersionDate "2024.11.20"]
[SourceQuality "1"]

1. d4 Nf6 2. c4 e6 3. Nf3 d5 4. Nc3 Be7 5. cxd5 exd5 6. Bf4 c6 7. h3 Bf5 8. g4 Be4 9. a3 0-0 10. e3 Nbd7 11. g5 Nh5 12. Bh2 Bxg5 13. Nxg5 Qxg5 14. Rg1 Qf5 15. Qg4 Qxg4 16. hxg4 Nhf6 17. g5 Ne8 18. Nxe4 dxe4 19. Rg4 f5 20. Bc4+ Kh8 21. Rh4 Nb6 22. Be6 Nd5 23. Be5 Nec7 24. Bxd5 Nxd5 25. Ke2 Kg8 26. Rah1 Kf7 27. Rxh7 Rg8 28. g6+ Kxg6 29. Rxg7+ Rxg7 30. Rg1+ Kh6 31. Rxg7 b5 32. Rd7 Kg5 33. f4+ exf3+ 34. Kxf3 a5 35. Rd6 Rc8 36. Bf4+ Nxf4 37. exf4+ Kh5 38. Rf6 Rd8 39. Rxf5+ Kg6 40. Ke4 Rh8 41. Rc5 Rh2 42. Rxc6+ Kf7 43. b3 Rh3 44. Ra6 Rxb3 45. Rxa5 Ke6 46. Ra6+ Ke7 47. f5 b4 48. axb4 Rxb4 49. Ke5 Rb1 50. Ra7+ Ke8 51. d5 Re1+ 52. Kf6 Rd1 53. Ra8+ Kd7 54. Kf7 Rxd5 55. f6 Rh5 56. Kg6 Rh1 57. f7 Rg1+ 58. Kh5 Rh1+ 59. Kg4 Rg1+ 60. Kh3 Rh1+ 61. Kg2 1-0

[Event "Olympiad Women-45"]
[Site "Budapest"]
[Date "2024.09.20"]
[Round "9.1"]
[White "Pipiras, Filipa Fortuna"]
[Black "Linares Napoles, Oleiny"]
[Result "0-1"]
[WhiteElo "2187"]
[BlackElo "2201"]
[PlyCount "88"]
[EventDate "2024.09.11"]
[EventType "team-swiss"]
[EventRounds "11"]
[EventCountry "HUN"]
[SourceTitle "EXT 2025"]
[Source "ChessBase"]
[SourceDate "2024.10.14"]
[SourceVersion "1"]
[SourceVersionDate "2024.10.14"]
[SourceQuality "1"]
[WhiteTeam "Portugal (W)"]
[BlackTeam "Cuba (W)"]
[WhiteTeamCountry "POR"]
[BlackTeamCountry "CUB"]

1. d4 Nf6 2. c4 e5 3. dxe5 Ng4 4. Nf3 Nc6 5. Nc3 Bc5 6. e3 0-0 7. Be2 Re8 8. 0-0 Ncxe5 9. Nxe5 Nxe5 10. f4 Nc6 11. Bd3 Bf8 12. Qf3 d6 13. Bd2 Bd7 14. Rae1 Rb8 15. e4 a6 16. Nd5 Ne7 17. Bc3 Nxd5 18. cxd5 c6 19. dxc6 Bxc6 20. Qg3 Bb5 21. Bxb5 Qb6+ 22. Kh1 Qxb5 23. Qf3 Rbc8 24. h3 Rc7 25. Re3 h6 26. Rfe1 Qc6 27. Qg4 Kh8 28. Rg3 f6 29. Qg6 d5 30. Bxf6 Rxe4 31. Qxh6+ Kg8 32. Rxe4 dxe4 33. Rg6 Qxf6 34. Qh5 Rc1+ 35. Kh2 Qxf4+ 36. Rg3 Bd6 37. Qe8+ Kh7 38. Qh5+ Qh6 39. Qf5+ Kh8 40. Qxe4 Bxg3+ 41. Kxg3 Qd6+ 42. Kg4 Qd7+ 43. Kg3 Qc7+ 44. Kf3 Qc6 0-1

[Event "Dortmund Sparkassen op-A 51st"]
[Site "Dortmund"]
[Date "2024.08.15"]
[Round "6"]
[White "Udelnov, Valentin"]
[Black "Pipiras, Filipa Fortuna"]
[Result "0-1"]
[WhiteElo "2037"]
[BlackElo "2192"]
[PlyCount "86"]
[EventDate "2024.08.10"]
[EventType "swiss"]
[EventRounds "9"]
[EventCountry "GER"]
[SourceTitle "CBM 221 Extra"]
[Source "ChessBase"]
[SourceDate "2024.09.30"]
[SourceVersion "1"]
[SourceVersionDate "2024.09.30"]
[SourceQuality "1"]

1. e4 c5 2. Nf3 e6 3. d4 cxd4 4. Nxd4 Nc6 5. Nc3 Qc7 6. Be3 a6 7. g4 h6 8. Qd2 Nf6 9. f3 b5 10. Nxc6 dxc6 11. 0-0-0 e5 12. Qf2 Be6 13. Bb6 Qb7 14. Bc5 Bxc5 15. Qxc5 Nd7 16. Qd6 Rc8 17. Rg1 Qc7 18. Qd2 Qa5 19. Kb1 Nf8 20. b3 Ng6 21. Qe3 0-0 22. g5 hxg5 23. Rxg5 Rfd8 24. Rc1 Qc7 25. Qg1 Qd6 26. Nd1 Kf8 27. h4 Nxh4 28. Rxg7 Nxf3 29. Qg2 Nd2+ 30. Ka1 Qd4+ 31. c3 Qxe4 32. Rg8+ Ke7 33. Qg5+ f6 34. Rg7+ Bf7 35. Qh5 Rf8 36. Bh3 Rcd8 37. Bf5 Qf3 38. Bg4 Qf4 39. Kb2 Ne4 40. Qg6 Rd2+ 41. Kb1 Nd6 42. Bh5 Qf5+ 43. Ka1 Qxg6 0-1

[Event "Dortmund Sparkassen op-A 51st"]
[Site "Dortmund"]
[Date "2024.08.13"]
[Round "4"]
[White "Fronda Pascua, Jan Jodilyn"]
[Black "Pipiras, Filipa Fortuna"]
[Result "1-0"]
[WhiteElo "2089"]
[BlackElo "2192"]
[PlyCount "83"]
[EventDate "2024.08.10"]
[EventType "swiss"]
[EventRounds "9"]
[EventCountry "GER"]
[SourceTitle "CBM 221 Extra"]
[Source "ChessBase"]
[SourceDate "2024.09.30"]
[SourceVersion "1"]
[SourceVersionDate "2024.09.30"]
[SourceQuality "1"]

1. e4 c5 2. c3 d5 3. exd5 Qxd5 4. d4 Nc6 5. Nf3 Nf6 6. dxc5 Qxd1+ 7. Kxd1 Bf5 8. Bb5 0-0-0+ 9. Ke2 e5 10. Be3 Ng4 11. b4 Nxe3 12. fxe3 f6 13. Nbd2 Be7 14. e4 Bd7 15. Bd3 g6 16. Nc4 f5 17. Ne3 Rhf8 18. Rhd1 Be6 19. Bc4 Bd7 20. Bd5 fxe4 21. Bxe4 Bf5 22. Nxf5 gxf5 23. Bxc6 bxc6 24. Nxe5 Rde8 25. Kf3 Bg5 26. Nc4 Re6 27. Rd6 Rxd6 28. Nxd6+ Kd7 29. Rd1 Kc7 30. c4 h6 31. Rd3 Kb8 32. b5 cxb5 33. Nxb5 Be7 34. Rd5 Rd8 35. Kf4 Bg5+ 36. Kxf5 Rf8+ 37. Ke6 Rf2 38. Rf5 Re2+ 39. Kd5 Be7 40. Re5 Rd2+ 41. Kc6 Bd6 42. Re8# 1-0

[Event "Dortmund Sparkassen op-A 51st"]
[Site "Dortmund"]
[Date "2024.08.11"]
[Round "2"]
[White "Zwirs, Nico"]
[Black "Pipiras, Filipa Fortuna"]
[Result "1-0"]
[WhiteElo "2467"]
[BlackElo "2192"]
[PlyCount "61"]
[EventDate "2024.08.10"]
[EventType "swiss"]
[EventRounds "9"]
[EventCountry "GER"]
[SourceTitle "CBM 221 Extra"]
[Source "ChessBase"]
[SourceDate "2024.09.30"]
[SourceVersion "1"]
[SourceVersionDate "2024.09.30"]
[SourceQuality "1"]

1. e4 c5 2. Nf3 e6 3. d4 cxd4 4. Nxd4 Nf6 5. Nc3 Nc6 6. Qd3 d5 7. exd5 Nb4 8. Qg3 Bc5 9. a3 Nbxd5 10. Nxd5 Qxd5 11. Nb5 0-0 12. Nc3 Qc6 13. Bh6 Ne8 14. Bb5 Qb6 15. Bxe8 Bd4 16. 0-0-0 Rxe8 17. Na4 Qd8 18. Bxg7 Bxg7 19. Rxd8 Rxd8 20. Nc5 b6 21. Qc7 Rd5 22. Qc6 Rb8 23. Qe8+ Bf8 24. Na6 Bxa6 25. Qxb8 Rc5 26. Rd1 Kg7 27. Rd8 Be7 28. Rg8+ Kh6 29. Qf4+ Bg5 30. Rxg5 Rxg5 31. h4 1-0

[Event "SRB-chT (Women) Div1"]
[Site "Senta"]
[Date "2023.10.14"]
[Round "5.1"]
[White "Pipiras, Filipa Fortuna"]
[Black "Kolagatla, Alana Meenakshi"]
[Result "1-0"]
[WhiteElo "2252"]
[BlackElo "2131"]
[PlyCount "99"]
[EventDate "2023.10.10"]
[EventType "team-tourn"]
[EventRounds "11"]
[EventCountry "SRB"]
[SourceTitle "CBM 216 Extra"]
[Source "ChessBase"]
[SourceDate "2023.11.30"]
[SourceVersion "1"]
[SourceVersionDate "2023.11.30"]
[SourceQuality "1"]
[WhiteTeam "Lucani Mladost (W)"]
[BlackTeam "Novi Sad Sah Kruzok (W)"]
[WhiteTeamCountry "SRB"]
[BlackTeamCountry "SRB"]

1. d4 Nf6 2. c4 e6 3. Nc3 d5 4. cxd5 exd5 5. Bg5 Be7 6. e3 c6 7. Bd3 Nbd7 8. h3 0-0 9. Qc2 Re8 10. Nf3 Nf8 11. 0-0 Be6 12. Rab1 a5 13. a3 Ng6 14. Ne5 Nd7 15. Bxe7 Qxe7 16. f4 Ngxe5 17. fxe5 h6 18. e4 Nb6 19. Qf2 Rf8 20. Rbd1 f6 21. Qh4 Rae8 22. exd5 Nxd5 23. Qe4 f5 24. Nxd5 Bxd5 25. Qe3 Be6 26. Bc2 Qg5 27. Qc3 Bd5 28. Rf2 Kh8 29. Qxa5 f4 30. Qd2 c5 31. Qd3 g6 32. Qxg6 Qxg6 33. Bxg6 Re6 34. Bc2 Rg8 35. dxc5 Rxe5 36. Rxd5 Rxd5 37. Bb3 Rxc5 38. Bxg8 Kxg8 39. Rxf4 Kg7 40. b4 Rc3 41. Rf3 Rc1+ 42. Kf2 Kg6 43. g4 h5 44. gxh5+ Kxh5 45. Ke3 Kh4 46. Kd4 Rc7 47. Rc3 Rf7 48. Kc4 Rf5 49. a4 Rf4+ 50. Kb5 1-0

[Event "EU-ch U18 Girls 31st"]
[Site "Mamaia"]
[Date "2023.09.14"]
[Round "9"]
[White "Cornileau, Juliette"]
[Black "Pipiras, Filipa Fortuna"]
[Result "1-0"]
[WhiteElo "1997"]
[BlackElo "2250"]
[PlyCount "101"]
[EventDate "2023.09.05"]
[EventType "swiss"]
[EventRounds "9"]
[EventCountry "ROU"]
[SourceTitle "CBM 216 Extra"]
[Source "ChessBase"]
[SourceDate "2023.11.30"]
[SourceVersion "1"]
[SourceVersionDate "2023.11.30"]
[SourceQuality "1"]

1. d4 d5 2. c4 e6 3. Nc3 Nf6 4. cxd5 exd5 5. Bg5 c6 6. e3 h6 7. Bh4 Be7 8. Bd3 0-0 9. Nge2 Re8 10. 0-0 a5 11. f3 b5 12. Bf2 Nbd7 13. Rc1 Ba6 14. Kh1 Nb6 15. Nb1 Nc4 16. Bxc4 bxc4 17. Nbc3 c5 18. Nf4 Bb7 19. Na4 Nd7 20. dxc5 Nxc5 21. Nxc5 Bxc5 22. Qd2 Qd6 23. Rfd1 Red8 24. Qc2 Qb6 25. Qc3 a4 26. a3 Qc7 27. Nh5 Bf8 28. Bh4 f6 29. Nf4 Qf7 30. Bg3 Bc6 31. Rd2 Bc5 32. Rcd1 Ra7 33. h3 Re7 34. Qa5 Bxe3 35. Qxd8+ Re8 36. Qa5 Bxd2 37. Rxd2 Re5 38. Qc5 Bb7 39. Ne2 Re7 40. Nc3 Rd7 41. Kh2 Qe6 42. Nxa4 h5 43. Qb6 Qf5 44. Nc5 h4 45. Bb8 Rf7 46. Nxb7 Rf8 47. Bc7 Qg5 48. Qd4 f5 49. Bf4 Qe7 50. Bd6 Qe1 51. Rd1 1-0

[Event "EU-ch U18 Girls 31st"]
[Site "Mamaia"]
[Date "2023.09.06"]
[Round "2"]
[White "Pipiras, Filipa Fortuna"]
[Black "Lordier, Sophia"]
[Result "1-0"]
[WhiteElo "2250"]
[BlackElo "1897"]
[PlyCount "55"]
[EventDate "2023.09.05"]
[EventType "swiss"]
[EventRounds "9"]
[EventCountry "ROU"]
[SourceTitle "CBM 216 Extra"]
[Source "ChessBase"]
[SourceDate "2023.11.30"]
[SourceVersion "1"]
[SourceVersionDate "2023.11.30"]
[SourceQuality "1"]

1. d4 d5 2. c4 e6 3. Nc3 Nf6 4. cxd5 exd5 5. Bg5 Be7 6. e3 h6 7. Bh4 Bg4 8. Qc2 0-0 9. h3 Bh5 10. Bxf6 Bxf6 11. Qf5 Bg6 12. Qxd5 Qc8 13. Nge2 Na6 14. Qb3 c5 15. Nd5 Bd8 16. Rc1 Ba5+ 17. Nec3 Qd8 18. Bxa6 bxa6 19. dxc5 Bd3 20. Nf4 Rb8 21. Qd1 Bc4 22. Qxd8 Rfxd8 23. b3 Bxb3 24. axb3 Rxb3 25. Nfe2 Rd3 26. 0-0 Bxc3 27. c6 Be5 28. c7 1-0